[Event "WchT Seniors 50"]
[Site "Prague"]
[Date "2020.03.08"]
[Round "3.11"]
[White "Van Bentum, Horst"]
[Black "Hauke, Hans"]
[Result "1/2-1/2"]
[WhiteElo "2036"]
[BlackElo "1688"]
[PlyCount "54"]
[EventDate "2020.03.06"]
[EventType "team-swiss"]
[EventRounds "7"]
[EventCountry "CZE"]
[SourceTitle "CBM 195 Extra"]
[Source "ChessBase"]
[SourceDate "2020.05.31"]
[SourceVersion "1"]
[SourceVersionDate "2020.05.31"]
[SourceQuality "1"]
[WhiteTeam "Germany 50 IV"]
[BlackTeam "Germany 50 VIII"]
[WhiteTeamCountry "GER"]
[BlackTeamCountry "GER"]

1. e4 d5 2. exd5 Nf6 3. Nc3 Nxd5 4. Bc4 e6 5. Qf3 c6 6. Nge2 Bd6 7. d4 Nd7 8. Ne4 N7f6 9. Nxd6+ Qxd6 10. 0-0 0-0 11. c3 Re8 12. Ng3 e5 13. Bxd5 Qxd5 14. Qxd5 Nxd5 15. Re1 f6 16. f4 e4 17. Rxe4 Bd7 18. Bd2 f5 19. Rxe8+ Rxe8 20. Kf2 Kf7 21. Re1 Rxe1 22. Kxe1 Be6 23. Ne2 Nf6 24. Nc1 Bd5 25. g3 Ng4 26. h3 Nf6 27. b3 Bg2 1/2-1/2

[Event "Sachsen-Anhalt-ch Seniors 24th"]
[Site "Halberstadt"]
[Date "2016.05.30"]
[Round "2"]
[White "Walther, Joachim"]
[Black "Hauke, Hans"]
[Result "1/2-1/2"]
[WhiteElo "1898"]
[BlackElo "1646"]
[PlyCount "46"]
[EventDate "2016.05.29"]
[EventType "swiss"]
[EventRounds "7"]
[EventCountry "GER"]
[SourceTitle "EXT 2019"]
[Source "ChessBase"]
[SourceDate "2018.10.10"]
[SourceVersion "1"]
[SourceVersionDate "2018.10.10"]
[SourceQuality "1"]

1. c4 Nf6 2. d4 e6 3. Nc3 d5 4. Bg5 Be7 5. e3 h6 6. Bh4 0-0 7. Nf3 Nbd7 8. Qc2 c6 9. Be2 dxc4 10. Bxc4 b5 11. Bd3 Bb7 12. a3 a6 13. 0-0 c5 14. dxc5 Nxc5 15. Rad1 Nxd3 16. Rxd3 Qb6 17. Qe2 a5 18. Ne5 b4 19. Bxf6 Bxf6 20. Nd7 Qc6 21. Nxf6+ gxf6 22. Qg4+ Kh7 23. Nd5 exd5 1/2-1/2